000 00872cam a2200217 a 4500
001 000006293
005 20200929153918.0
008 990826s1998 mx 001 0 spa
040 _aDO-SdBNP
_cDLC
082 _aU861.44
_bI12l
100 1 _aIbarbourou, Juana de.
_q(Juana Fernández Morales),
_d1892-1979.
_917577
245 1 4 _aLas lenguas de diamante :
_bel Protoidioma en la poesía de Juana de Ibarbourou /
_cJuana de Ibarbourou ; Fredo Arias de la Canal; prólogo de Manuel Gálvez.
260 _aMéxico :
_bFrente de Afirmación Hispánista,
_c1998.
300 _a306 p. :
_bil. ;
_c19 cm.
650 4 _aPoesía uruguaya
_93846
650 4 _aLiteratura uruguaya
_93054
700 1 _aArias de la Canal, Fredo.
_98096
700 1 _aGálvez, Manuel,
_eprol.
_917578
740 0 2 _aProtoidioma en la poesía de Juana de Ibarbourou.
910 _aCatalogación por copia / LC
999 _c6088
_d6088